000
00283nam a2200121Ia 4500
008
190216s9999||||xx |||||||||||||| ||und||
100
_a
Richard Steele
245
4
_a
The Tender Husband
260
_b
Edward Arnold Ltd
_c
1967
300
_a
90p
650
_a
English Drama
942
_c
BK
999
_c
12401
_d
12401